[Event "Rembrandt"]
[Site "SchemingMind.com"]
[Date "2006.10.12"]
[Round "-"]
[White "Erhaem"]
[Black "Orange Lion"]
[Result "0-1"]
[WhiteCountry "NED"]
[BlackCountry "NED"]
[WhiteElo "2122"]
[WhiteRD "63"]
[BlackElo "2231"]
[BlackRD "74"]
[GameID "71110"]

1. d4 Nf6 2. Nf3 e6 3. Bg5 c5 4. e3 Qb6 5. Nbd2 Qxb2 6. Bc4 d5 7. Rb1 Qa3 8. Bb5+ Nbd7 9. Bxf6 gxf6 10. O-O c4
11. c3 Qxc3 12. e4 a6 13. Bxd7+ Kxd7 14. exd5 exd5 15. Re1 Kc7 16. Re3 Qa5 17. Qc2 b5 18. Nf1 Qa4 19. Qb2 Bf5 20. Rbe1 Bd6
21. Ng3 Bg6 22. Nh4 Bd3 23. Nh5 Bb4 24. Ra1 Qa5 25. Rxd3 cxd3 26. Nf4 Kb7 27. Nxd5 Bf8 28. Nf5= Rc8 29. Nfe3 Qa4 30. a3 Bxa3
31. Rxa3 d2 32. g3 d1=Q+ 33. Nxd1 Qxd1+ 34. Kg2 Rcd8 35. Nb4 Qxd4 36. Qb3 Qe4+ 37. Kg1 Rhe8 38. Nxa6 Qd5 39. Qxd5+ Rxd5
0-1

[Event "Rembrandt"]
[Site "SchemingMind.com"]
[Date "2006.10.12"]
[Round "-"]
[White "Orange Lion"]
[Black "Erhaem"]
[Result "1/2-1/2"]
[WhiteCountry "NED"]
[BlackCountry "NED"]
[WhiteElo "2232"]
[WhiteRD "81"]
[BlackElo "2087"]
[BlackRD "65"]
[GameID "71111"]

1. e4 c5 2. f4 Nc6 3. Nf3 g6 4. Nc3 Bg7 5. Bb5 Nd4 6. Nxd4 cxd4 7. Ne2 Nf6 8. e5 Nd5 9. c3 dxc3 10. dxc3 Nc7
11. Bc4 O-O 12. O-O d6 13. Nd4 dxe5 14. fxe5 Bxe5 15. Bh6 Bg7 16. Bxg7 Kxg7 17. Re1 e6 18. Qe2 Bd7 19. Rad1 Kg8 20. Qf3 Rb8
21. Qf2 a6 22. Bb3 Rc8 23. Nf3 Qe7 24. Ne5 Rcd8 25. Qb6 Bc8 26. Nd3 Kh8=
1/2-1/2

[Event "Rembrandt"]
[Site "SchemingMind.com"]
[Date "2006.11.14"]
[Round "-"]
[White "ekulrac"]
[Black "Erhaem"]
[Result "0-1"]
[WhiteCountry "SCO"]
[BlackCountry "NED"]
[WhiteElo "1711"]
[WhiteRD "53"]
[BlackElo "2122"]
[BlackRD "63"]
[GameID "75938"]

1. e4 e5 2. Nf3 Nc6 3. Bb5 a6 4. Bxc6 dxc6 5. O-O f6 6. d4 Bg4 7. dxe5 Qxd1 8. Rxd1 fxe5 9. h3 Bxf3 10. gxf3 Bd6
11. Be3 O-O-O 12. Nd2 Ne7 13. c4 Ng6 14. Kf1 Rhf8 15. c5 Be7 16. b4 Nh4 17. Ke2 h6 18. a4 Rf6 19. b5 cxb5 20. axb5 axb5
21. Ra8+ Kd7 22. Nc4+ Ke6 23. Rdxd8 Bxd8 24. Rxd8 bxc4 25. c6 bxc6 26. Bc5 Nxf3 27. Re8+ Kd7 28. Re7+ Kc8 29. Ke3 Ng5 30. Rxe5 Nxh3
31. Rf5 c3 32. Rxf6 gxf6 33. Be7 c2 34. Ba3 Ng5 35. f4 Ne6 36. Bc1 Nc5
0-1

[Event "Rembrandt"]
[Site "SchemingMind.com"]
[Date "2006.11.14"]
[Round "-"]
[White "ekulrac"]
[Black "Orange Lion"]
[Result "0-1"]
[WhiteCountry "SCO"]
[BlackCountry "NED"]
[WhiteElo "1693"]
[WhiteRD "73"]
[BlackElo "2194"]
[BlackRD "81"]
[GameID "75939"]

1. e4 e6 2. d4 d5 3. Nd2 Nf6 4. e5 Nfd7 5. Bd3 c5 6. c3 Nc6 7. Ne2 Qb6 8. Nf3 cxd4 9. cxd4 f6 10. Nf4 fxe5
11. Nxe6 e4 12. Nfg5 Nf6 13. Be2 h6 14. Nxf8 Rxf8 15. Nh3 Bxh3 16. Bh5+ Ke7 17. gxh3 Nxh5 18. Qxh5 Nxd4 19. Qe5+ Ne6 20. O-O Qd6
21. Qh5 Nd4 22. Qh4+ g5 23. Qg3 Ne2+
0-1

[Event "Rembrandt"]
[Site "SchemingMind.com"]
[Date "2006.11.14"]
[Round "-"]
[White "Erhaem"]
[Black "ekulrac"]
[Result "1-0"]
[WhiteCountry "NED"]
[BlackCountry "SCO"]
[WhiteElo "2122"]
[WhiteRD "63"]
[BlackElo "1711"]
[BlackRD "53"]
[GameID "75940"]

1. d4 Nf6 2. Nf3 g6 3. c4 Bg7 4. Nc3 O-O 5. e4 d6 6. Be2 Nbd7 7. O-O c5 8. e5 dxe5 9. dxe5 Ng4 10. e6 fxe6
11. Ng5 Nb6 12. Bxg4 h6 13. Bxe6+ Bxe6 14. Nxe6 Qxd1 15. Rxd1 Rf5 16. g4 Rf3 17. Kg2 Rf7 18. Nd8 Rf8 19. Nxb7 Nxc4 20. Nxc5 Rfc8
21. N5e4 Rab8 22. Rd7 Ne5 23. Rxa7 Nxg4 24. Rxe7 Bd4 25. a4 Rf8 26. Nb5 Bg7 27. Rb1 Rfe8 28. Rxe8+ Rxe8 29. f3 Ne5 30. b3 Nd3
31. Bd2
1-0

[Event "Rembrandt"]
[Site "SchemingMind.com"]
[Date "2006.11.14"]
[Round "-"]
[White "Orange Lion"]
[Black "ekulrac"]
[Result "1-0"]
[WhiteCountry "NED"]
[BlackCountry "SCO"]
[WhiteElo "2194"]
[WhiteRD "81"]
[BlackElo "1693"]
[BlackRD "73"]
[GameID "75941"]

1. e4 Nc6 2. f4 e5 3. Nf3 d6 4. Bb5 Bg4 5. O-O Nf6 6. d4 exd4 7. Qxd4 Be7 8. Nc3 O-O 9. Qa4 Bd7 10. e5 dxe5
11. fxe5 Bc5+ 12. Kh1 Ng4 13. Bxc6 bxc6 14. Ne4 Be7 15. h3 c5 16. Qc4 Nh6 17. Bxh6 gxh6 18. Nxc5 Bxc5 19. Qxc5 Bf5 20. Nd4 Bg6
21. Nc6 Qd2 22. e6 Be4 23. Ne7+ Kh8 24. Qe5+
1-0

[Event "Rembrandt"]
[Site "SchemingMind.com"]
[Date "2006.11.15"]
[Round "-"]
[White "Shaka"]
[Black "Erhaem"]
[Result "0-1"]
[WhiteCountry "VEN"]
[BlackCountry "NED"]
[WhiteElo "1861"]
[WhiteRD "78"]
[BlackElo "2113"]
[BlackRD "66"]
[GameID "76128"]

1. e4 e5 2. Nf3 Nc6 3. Bc4 Bc5 4. c3 Nf6 5. d3 d6 6. b4 Bb6 7. a4 a6 8. Nbd2 a5 9. b5 Ne7 10. Nf1 O-O
11. h3 d5 12. exd5 e4 13. dxe4 Nxe4 14. Be3 Nxc3 15. Qc2 Nexd5 16. Bxb6 cxb6 17. Ne3 Qe7 18. Bxd5 Nxd5 19. O-O Nxe3 20. fxe3 Qxe3+
21. Kh1 Be6 22. Rfe1 Qc5 23. Qe4 Bd5 24. Qg4 Rad8 25. Nh4 Rfe8 26. Nf5 g6 27. Nh6+ Kg7 28. Nf5+ Kf8 29. Nh4 Rxe1+ 30. Rxe1 Qb4
31. Qxb4+ axb4 32. Kg1 b3 33. Nf3 Bxf3 34. gxf3 Rd2 35. Rb1 b2
0-1

[Event "Rembrandt"]
[Site "SchemingMind.com"]
[Date "2006.11.15"]
[Round "-"]
[White "Shaka"]
[Black "Orange Lion"]
[Result "0-1"]
[WhiteCountry "VEN"]
[BlackCountry "NED"]
[WhiteElo "1846"]
[WhiteRD "81"]
[BlackElo "2231"]
[BlackRD "74"]
[GameID "76129"]

1. e4 e6 2. d3 d5 3. Nd2 Nf6 4. Ngf3 c5 5. g3 Nc6 6. Bg2 Be7 7. O-O O-O 8. e5 Ng4 9. Re1 f6 10. h3 Ngxe5
11. Nxe5 fxe5 12. b3 Bd6 13. Bb2 Qf6 14. Nf3 Nd4 15. Bxd4 exd4 16. Qe2 Bd7 17. a4 Rae8 18. Rad1 e5 19. Qd2 e4 20. dxe4 dxe4
21. Nh2 e3 22. fxe3 Bxg3 23. Rf1 Bxh2+ 24. Kxh2 Qe5+ 25. Kh1 Rxf1+ 26. Rxf1 Qxe3 27. Qxe3 dxe3 28. Re1 b6 29. Bd5+ Kf8 30. Kg2 Bf5
31. c3 g5 32. Kf3 h5 33. Kg3 e2
0-1

[Event "Rembrandt"]
[Site "SchemingMind.com"]
[Date "2006.11.15"]
[Round "-"]
[White "Shaka"]
[Black "ekulrac"]
[Result "1-0"]
[WhiteCountry "VEN"]
[BlackCountry "SCO"]
[WhiteElo "1846"]
[WhiteRD "81"]
[BlackElo "1711"]
[BlackRD "53"]
[GameID "76130"]

1. e4 Nc6 2. Nf3 e5 3. Bc4 Nf6 4. d3 Be7 5. c3 O-O 6. b4 d6 7. a4 a6 8. Nbd2 Nh5 9. Nf1 h6 10. Ng3 Nf4
11. Bxf4 exf4 12. Nf5 Bxf5 13. exf5 Bf6 14. Qb3 Ne5 15. Nxe5 dxe5 16. O-O Qd7 17. Bd5 Qxf5 18. Bxb7 Rad8 19. Be4 Qh5 20. Qc4 Bg5
21. Qxc7 f5 22. Bf3 Qg6 23. Qxe5 Rxd3 24. Bd5+ Kh7 25. Qe6 Qh5 26. Rfe1 Rxc3 27. Qxa6 Rc2 28. Bf3 Qf7 29. Qe6 Qa7 30. Re2 Rc3
31. Bh5 Rf6 32. Qe8 Rfc6 33. Re6 Rxe6 34. Qxe6 Bf6 35. Qxf5+ Kh8 36. Qxf4 Rc8 37. Qf5 Rc2 38. Re1 Qe7 39. Rd1 Rd2 40. Rc1 Rd8
41. Qc5 Qe4 42. a5 Bd4 43. Qc7 Bxf2+ 44. Kh1 Re8 45. Bxe8
1-0

[Event "Rembrandt"]
[Site "SchemingMind.com"]
[Date "2006.11.15"]
[Round "-"]
[White "Erhaem"]
[Black "Shaka"]
[Result "1-0"]
[WhiteCountry "NED"]
[BlackCountry "VEN"]
[WhiteElo "2113"]
[WhiteRD "66"]
[BlackElo "1861"]
[BlackRD "78"]
[GameID "76131"]

1. d4 Nf6 2. c4 c5 3. d5 b5 4. cxb5 a6 5. bxa6 Bxa6 6. Nc3 g6 7. e4 Bxf1 8. Kxf1 Bg7 9. e5 Ng8 10. Nf3 d6
11. Bf4 dxe5 12. Nxe5 Nf6 13. Qf3 O-O 14. Bg5 Nbd7 15. Nc6 Qb6 16. Nxe7+ Kh8 17. Rb1 Rfe8 18. Nc6 Ne5 19. Qxf6 Bxf6 20. Bxf6+ Kg8
21. Bxe5 Qa6+ 22. Kg1 Qd3 23. d6 Rxe5 24. Nxe5 Qxd6 25. Nf3 Rd8 26. h4 Qf4 27. Rh3 Kg7 28. h5 Rd3 29. h6+ Kf8 30. Re1 Qb4
31. Ng5 Rxh3 32. Nxh7+
1-0

[Event "Rembrandt"]
[Site "SchemingMind.com"]
[Date "2006.11.15"]
[Round "-"]
[White "Orange Lion"]
[Black "Shaka"]
[Result "1-0"]
[WhiteCountry "NED"]
[BlackCountry "VEN"]
[WhiteElo "2231"]
[WhiteRD "74"]
[BlackElo "1846"]
[BlackRD "81"]
[GameID "76132"]

1. e4 c6 2. f4 d5 3. e5 Bf5 4. d4 h5 5. Bd3 Bxd3 6. Qxd3 e6 7. Nf3 Nd7 8. Bd2 Nh6 9. Nc3 c5 10. O-O-O c4
11. Qf1 a6 12. Ne2 b5 13. h3 b4 14. g4 Qa5 15. Kb1 c3 16. bxc3 bxc3 17. Nxc3 Rb8+ 18. Ka1 hxg4 19. hxg4 Ba3 20. Rb1 O-O
21. Nb5 Qa4 22. Nxa3 Qxa3 23. Rb3 Rxb3 24. cxb3 Nxg4 25. f5
1-0

[Event "Rembrandt"]
[Site "SchemingMind.com"]
[Date "2006.11.15"]
[Round "-"]
[White "ekulrac"]
[Black "Shaka"]
[Result "1-0"]
[WhiteCountry "SCO"]
[BlackCountry "VEN"]
[WhiteElo "1702"]
[WhiteRD "59"]
[BlackElo "1824"]
[BlackRD "81"]
[GameID "76133"]

1. e4 c6 2. d4 d5 3. e5 Bf5 4. Bd3 Bxd3 5. Qxd3 e6 6. Ne2 Nd7 7. O-O c5 8. c3 Ne7 9. f4 Nc6 10. f5 cxd4
11. cxd4 Qb6 12. Kh1 Rc8 13. fxe6 fxe6 14. Bg5 Qxb2 15. Nd2 Nb4 16. Qf3 Be7 17. Qf7+ Kd8 18. Qxe7+ Kc7 19. Qd6#
1-0

[Event "Rembrandt"]
[Site "SchemingMind.com"]
[Date "2006.11.17"]
[Round "-"]
[White "Aumonde"]
[Black "Erhaem"]
[Result "1/2-1/2"]
[WhiteCountry "USA"]
[BlackCountry "NED"]
[WhiteElo "2244"]
[WhiteRD "56"]
[BlackElo "2122"]
[BlackRD "63"]
[GameID "76343"]

1. e4 e5 2. Nf3 Nc6 3. Nxe5 Nxe5 4. d4 Ng6 5. Nc3 d6 6. Be2 Be7 7. f4 f5 8. exf5 Bxf5 9. O-O Qc8 10. g4 Bd7
11. f5 Nf8 12. Qd3 c6 13. Bf4 h5 14. Ne4 d5 15. Nd6+ Bxd6 16. Bxd6 hxg4 17. Rae1 Qd8 18. Bxg4+ Kf7 19. Bf3 Qg5+ 20. Kh1 Qh6
21. Bf4 Qh3 22. Bd6= Re8 23. Rxe8 Bxe8 24. Qe2 Bd7 25. c4 Qh6 26. Bb4 Qh4 27. Be1=
1/2-1/2

[Event "Rembrandt"]
[Site "SchemingMind.com"]
[Date "2006.11.17"]
[Round "-"]
[White "Aumonde"]
[Black "Shaka"]
[Result "1-0"]
[WhiteCountry "USA"]
[BlackCountry "VEN"]
[WhiteElo "2254"]
[WhiteRD "57"]
[BlackElo "1847"]
[BlackRD "81"]
[GameID "76344"]

1. d4 Nf6 2. c4 c5 3. d5 b5 4. Nf3 g6 5. cxb5 a6 6. e3 axb5 7. Bxb5 Bg7 8. O-O O-O 9. Nc3 d6 10. e4 Ba6
11. Bxa6 Nxa6 12. Qe2 Qb6 13. Nd2 Nb4 14. Nc4 Qa6 15. Bg5 Qa7 16. a3 Na6 17. Rfd1 h6 18. Bxf6 Bxf6 19. e5 dxe5 20. Nxe5 Qb7
21. Rab1 Qc7 22. d6 exd6 23. Nd5 Qb7 24. Nxf6+ Kg7 25. Ned7 Rfd8 26. Rxd6 Rxd7 27. Rxd7 Qc6 28. Ne8+ Kg8 29. Qe5
1-0

[Event "Rembrandt"]
[Site "SchemingMind.com"]
[Date "2006.11.17"]
[Round "-"]
[White "Aumonde"]
[Black "Orange Lion"]
[Result "1/2-1/2"]
[WhiteCountry "USA"]
[BlackCountry "NED"]
[WhiteElo "2254"]
[WhiteRD "57"]
[BlackElo "2266"]
[BlackRD "72"]
[GameID "76345"]

1. d4 Nf6 2. c4 e6 3. Nc3 Bb4 4. Nf3 c5 5. e3 O-O 6. Bd3 d5 7. O-O Nc6 8. cxd5 exd5 9. dxc5 Bg4 10. Na4 Qe7
11. Bd2 Bxf3 12. gxf3 Bxd2 13. Qxd2 Rad8 14. Rfd1 d4 15. Bb5 Qe6 16. Qe2 Rfe8 17. Kh1 a6 18. Bc4 Qh3 19. Rg1 Nh5 20. Qf1 Qxf3+
21. Qg2 Qxg2+ 22. Rxg2 dxe3 23. fxe3 Rxe3 24. Rf1 Ne5 25. Nb6 Nf6 26. c6 bxc6 27. Bxa6 Nfg4 28. Rfg1 h5 29. Nc4 Nxc4 30. Bxc4 Ra8
31. a3 Kf8 32. Be2 Nf6 33. Bc4 Ra4 34. Rc1 g6 35. Rgc2 Ng4 36. Bf1 Rf4 37. Ra1 Rb3 38. Bg2 Ne3 39. Re2 Nxg2=
1/2-1/2

[Event "Rembrandt"]
[Site "SchemingMind.com"]
[Date "2006.11.17"]
[Round "-"]
[White "Aumonde"]
[Black "ekulrac"]
[Result "1-0"]
[WhiteCountry "USA"]
[BlackCountry "SCO"]
[WhiteElo "2212"]
[WhiteRD "60"]
[BlackElo "1702"]
[BlackRD "59"]
[GameID "76346"]

1. d4 Nf6 2. Bf4 d6 3. Nc3 Nbd7 4. Nf3 c5 5. e3 g6 6. Bc4 h6 7. O-O Bg7 8. h3 O-O 9. Qe2 a6 10. a4 Nb6
11. Bb3 cxd4 12. exd4 Be6 13. Bxe6 fxe6 14. a5 Nbd5 15. Qxe6+ Kh7 16. Nxd5 Nxd5 17. Qxd5 Rxf4 18. Qxb7 Rf7 19. Rfe1 Rb8 20. Qxa6 Rxb2
21. Qd3 Qc8 22. a6
1-0

[Event "Rembrandt"]
[Site "SchemingMind.com"]
[Date "2006.11.17"]
[Round "-"]
[White "Erhaem"]
[Black "Aumonde"]
[Result "1-0"]
[WhiteCountry "NED"]
[BlackCountry "USA"]
[WhiteElo "2122"]
[WhiteRD "63"]
[BlackElo "2244"]
[BlackRD "56"]
[GameID "76347"]

1. d4 d5 2. Nf3 Nf6 3. c4 e6 4. Nc3 Be7 5. Bg5 Nbd7 6. e3 O-O 7. Rc1 c6 8. Bd3 Ne8 9. Bxe7 Qxe7 10. cxd5 exd5
11. O-O Nd6 12. Qc2 Nf6 13. a4 Nfe4 14. a5 a6 15. Ne5 Bf5 16. Rfe1 f6 17. Nf3 Nxc3 18. Bxf5 Nde4 19. bxc3
1-0

[Event "Rembrandt"]
[Site "SchemingMind.com"]
[Date "2006.11.17"]
[Round "-"]
[White "Shaka"]
[Black "Aumonde"]
[Result "0-1"]
[WhiteCountry "VEN"]
[BlackCountry "USA"]
[WhiteElo "1847"]
[WhiteRD "81"]
[BlackElo "2254"]
[BlackRD "57"]
[GameID "76348"]

1. e4 c6 2. d4 d5 3. Nc3 dxe4 4. Nxe4 Bf5 5. Ng3 Bg6 6. Nf3 Nd7 7. h4 h6 8. Bd3 Bxd3 9. Qxd3 Ngf6 10. c4 e6
11. O-O Qc7 12. Re1 O-O-O 13. Be3 Bd6 14. Ne4 Nxe4 15. Qxe4 Nf6 16. Qc2 Kb8 17. a3 Ng4 18. b4 g5 19. b5 cxb5 20. c5 Nxe3
21. Rxe3 g4 22. Ne5 Bxe5 23. Rxe5 Rxd4 24. Rae1 Rhd8 25. R5e3 h5 26. Rb3 Rc4 27. Qb2 a6 28. Rbe3 Rxc5 29. Qf6 Rd2 30. Qh8+ Ka7
31. Qf6 Rf5 32. Qa1 Rfxf2
0-1

[Event "Rembrandt"]
[Site "SchemingMind.com"]
[Date "2006.11.17"]
[Round "-"]
[White "Orange Lion"]
[Black "Aumonde"]
[Result "1/2-1/2"]
[WhiteCountry "NED"]
[BlackCountry "USA"]
[WhiteElo "2231"]
[WhiteRD "74"]
[BlackElo "2244"]
[BlackRD "56"]
[GameID "76349"]

1. e4 c6 2. f4 e5 3. d3 exf4 4. Bxf4 d5 5. exd5 Bd6 6. Bxd6 Qxd6 7. d4 Ne7 8. Nc3 O-O 9. dxc6 Nbxc6 10. Qd2 Nxd4
11. O-O-O Rd8 12. Nge2 Nec6 13. Nxd4 Nxd4 14. Qg5 Be6 15. Bd3 Rac8 16. Rhe1 Qb6 17. Qe3 Rd7 18. h3 h6 19. g4 Qc5 20. Kb1 Qb6
21. Kc1 Qc5=
1/2-1/2

[Event "Rembrandt"]
[Site "SchemingMind.com"]
[Date "2006.11.17"]
[Round "-"]
[White "ekulrac"]
[Black "Aumonde"]
[Result "0-1"]
[WhiteCountry "SCO"]
[BlackCountry "USA"]
[WhiteElo "1702"]
[WhiteRD "59"]
[BlackElo "2212"]
[BlackRD "60"]
[GameID "76350"]

1. e4 d6 2. d4 Nf6 3. Nc3 Nc6 4. Nf3 Bg4 5. Be2 g6 6. O-O Bg7 7. Be3 e5 8. d5 Ne7 9. h3 Bd7 10. Qd2 Qb8
11. Rfd1 b5 12. a3 O-O 13. Bh6 a5 14. Bxg7 Kxg7 15. b4 h6 16. Kh2 c6 17. dxc6 Bxc6 18. Qxd6 Qxd6 19. Rxd6 axb4 20. Nxe5 bxc3
21. Nxc6 Nxe4 22. Rd4 Nxc6 23. Rxe4 f5 24. Re3 Nd4 25. Bd3 Kf6 26. Rae1 Rxa3 27. Re7 Rf7 28. Re8 Ra2 29. R1e5 Rc7 30. Rd5 Nxc2
31. Rd6+ Kf7 32. Ree6 Nd4 33. Rxg6 c2 34. Rxh6 c1=Q
0-1

[Event "Rembrandt"]
[Site "SchemingMind.com"]
[Date "2006.11.18"]
[Round "-"]
[White "doodledandy"]
[Black "Erhaem"]
[Result "1-0"]
[WhiteCountry "CAN"]
[BlackCountry "NED"]
[WhiteElo "2466"]
[WhiteRD "80"]
[BlackElo "2111"]
[BlackRD "65"]
[GameID "76583"]

1. e4 e5 2. Nf3 Nc6 3. Bb5 a6 4. Ba4 Nf6 5. O-O Be7 6. Re1 b5 7. Bb3 d6 8. c3 O-O 9. h3 Bb7 10. d4 Re8
11. Nbd2 Bf8 12. a3 h6 13. Bc2 Nb8 14. b4 Nbd7 15. Bb2 g6 16. Rb1 Bg7 17. a4 exd4 18. cxd4 bxa4 19. d5 Nb6 20. Bxa4 Nxa4
21. Qxa4 Qd7 22. Qa1 Qd8 23. Nc4 Rc8 24. Na5 Ba8 25. Rbc1 Kh7 26. Nc6 Bxc6 27. Rxc6 Ra8= 28. Re3 Rb8 29. Rc4 Ra8 30. Nh2 Rf8
31. Rf3 Ne8 32. Bxg7 Nxg7 33. Ng4 f5 34. exf5 Nxf5 35. Qc1 Rc8 36. Rxf5
1-0

[Event "Rembrandt"]
[Site "SchemingMind.com"]
[Date "2006.11.18"]
[Round "-"]
[White "doodledandy"]
[Black "Aumonde"]
[Result "1-0"]
[WhiteCountry "CAN"]
[BlackCountry "USA"]
[WhiteElo "2453"]
[WhiteRD "78"]
[BlackElo "2244"]
[BlackRD "56"]
[GameID "76584"]

1. e4 e5 2. Nf3 d6 3. d4 exd4 4. Nxd4 g6 5. Nc3 Bg7 6. Be3 Nf6 7. f3 O-O 8. Qd2 d5 9. O-O-O dxe4 10. Bh6 Qe7
11. fxe4 Bxh6 12. Qxh6 Bg4 13. Nf3 Nc6 14. Ng5 Be6 15. Be2 Rfd8 16. Rdf1 Ne5 17. Rf4 Ned7 18. Rhf1 Qd6 19. e5 Qxe5 20. g4 Nf8
21. Rxf6 Rd7 22. Nce4 Bxa2 23. R6f3 f5 24. gxf5 Qg7 25. Qh3 Rd4 26. fxg6 Rxe4 27. Rxf8+ Rxf8 28. Rxf8+ Kxf8 29. Qc8+
1-0

[Event "Rembrandt"]
[Site "SchemingMind.com"]
[Date "2006.11.18"]
[Round "-"]
[White "doodledandy"]
[Black "Shaka"]
[Result "1-0"]
[WhiteCountry "CAN"]
[BlackCountry "VEN"]
[WhiteElo "2453"]
[WhiteRD "78"]
[BlackElo "1846"]
[BlackRD "81"]
[GameID "76585"]

1. e4 c6 2. d4 d5 3. Nc3 dxe4 4. Nxe4 Nd7 5. Ng5 Ngf6 6. Bd3 e6 7. N1f3 h6 8. Ne4 Nxe4 9. Bxe4 Nf6 10. Bd3 b6
11. O-O Bb7 12. c3 Qc7 13. Ne5 O-O-O 14. b4 Nd5 15. Bd2 Bd6 16. Re1 f6 17. Nf3 e5 18. g3 Rhf8 19. Rb1 Qf7 20. a4 c5
21. bxc5 bxc5 22. Nh4 exd4 23. Bf5+ Kb8 24. Be6
1-0

[Event "Rembrandt"]
[Site "SchemingMind.com"]
[Date "2006.11.18"]
[Round "-"]
[White "doodledandy"]
[Black "Orange Lion"]
[Result "1-0"]
[WhiteCountry "CAN"]
[BlackCountry "NED"]
[WhiteElo "2453"]
[WhiteRD "78"]
[BlackElo "2231"]
[BlackRD "74"]
[GameID "76586"]

1. e4 e6 2. d4 d5 3. Nd2 Nf6 4. e5 Nfd7 5. Bd3 c5 6. c3 Nc6 7. Ne2 Qb6 8. Nf3 cxd4 9. cxd4 f6 10. exf6 Nxf6
11. O-O Bd6 12. Bf4 Bxf4 13. Nxf4 O-O 14. Rb1 Bd7 15. Re1 Ne4 16. g3 Nf6 17. Rc1 Qxb2 18. Re3 Qb4 19. Rb1 Qd6 20. Rxb7 Rfb8
21. Rxb8+ Rxb8 22. Ne5 Nxd4 23. Bxh7+ Nxh7 24. Qxd4 Rb6 25. Nh5 Rb1+ 26. Kg2 Bb5 27. h4 Bf1+ 28. Kh2 Rb7 29. Rc3 Rc7 30. Rb3 Be2
31. Nf4 Ba6 32. Nfg6 Nf8 33. h5 Qd8 34. Qg4 Qe8 35. Nf4 Bc4 36. Rf3 Nh7 37. h6 Re7 38. Kg2
1-0

[Event "Rembrandt"]
[Site "SchemingMind.com"]
[Date "2006.11.18"]
[Round "-"]
[White "doodledandy"]
[Black "ekulrac"]
[Result "1-0"]
[WhiteCountry "CAN"]
[BlackCountry "SCO"]
[WhiteElo "2446"]
[WhiteRD "80"]
[BlackElo "1702"]
[BlackRD "59"]
[GameID "76587"]

1. e4 Nc6 2. d4 e5 3. d5 Nce7 4. Bd3 Ng6 5. Be3 d6 6. Nc3 Nf6 7. Bb5+ Bd7 8. Bxd7+ Qxd7 9. Nge2 Be7 10. Ng3 Nf4
11. O-O O-O 12. Qf3 Qg4 13. Nf5 Bd8 14. Qxg4 Nxg4 15. Bc1 g6 16. f3 Nf6 17. Ne3 a6 18. Nc4 g5 19. g3 Ng6 20. Bxg5 Nh5
21. Bh6 Re8 22. a4 Bf6 23. a5 Bg7 24. Be3 Nf6 25. b4 h5 26. b5 h4 27. Rab1 Kh7 28. bxa6 bxa6 29. Rb7 Nh5 30. Rfb1 hxg3
31. hxg3 Re7 32. Kf2 Bh6 33. Rh1
1-0

[Event "Rembrandt"]
[Site "SchemingMind.com"]
[Date "2006.11.18"]
[Round "-"]
[White "Erhaem"]
[Black "doodledandy"]
[Result "0-1"]
[WhiteCountry "NED"]
[BlackCountry "CAN"]
[WhiteElo "2111"]
[WhiteRD "65"]
[BlackElo "2466"]
[BlackRD "80"]
[GameID "76588"]

1. d4 Nf6 2. c4 e6 3. Nf3 Bb4+ 4. Bd2 a5 5. g3 d5 6. Qc2 O-O 7. Bg2 Nc6 8. O-O Re8 9. e3 Bd6 10. c5 Bf8
11. Rd1 Ne4 12. Be1 f5 13. Nc3 Bd7 14. Nxe4 fxe4 15. Ne5 Nxe5 16. dxe5 g6 17. Kh1 a4 18. Rac1 Bg7 19. Bc3 Qe7 20. Qd2 Bc6
21. Rc2 Qxc5 22. Bb4 Qa7 23. Qc3 Rac8 24. Bc5 b6 25. Bf8 Bb5 26. Bxg7 Kxg7 27. Rdc1 c5 28. Rd2 Bd3 29. Re1 b5 30. a3 Qb6
31. Ra1 b4 32. Qc1 b3 33. g4 Bc2
0-1

[Event "Rembrandt"]
[Site "SchemingMind.com"]
[Date "2006.11.18"]
[Round "-"]
[White "Aumonde"]
[Black "doodledandy"]
[Result "0-1"]
[WhiteCountry "USA"]
[BlackCountry "CAN"]
[WhiteElo "2254"]
[WhiteRD "57"]
[BlackElo "2466"]
[BlackRD "80"]
[GameID "76589"]

1. d4 Nf6 2. Nf3 d5 3. c4 e6 4. g3 dxc4 5. Bg2 Nc6 6. Qa4 Nd7 7. Qxc4 Nb6 8. Qd3 e5 9. Nxe5 Nb4 10. Qc3 Qxd4
11. O-O Qxc3 12. Nxc3 f6 13. Nf3 Bd7 14. Nd4 O-O-O 15. Rd1 Be7 16. a3 Nc6 17. Nxc6 Bxc6 18. Bxc6 bxc6 19. Be3 a6 20. Rxd8+ Rxd8
21. Rc1 Nc4 22. Nd1 Na5 23. Kg2 Nb3 24. Rb1 Kb7 25. Nc3 c5 26. Rd1 Rxd1 27. Nxd1 Kc6 28. h3 Kb5 29. g4 Nd4 30. Kf1 Kc4
31. h4 Kb3 32. h5 Bd6 33. Bd2 h6 34. Ke1 Nc2+ 35. Kf1 Be5 36. e4 Nd4 37. Bc3 Ne6 38. Bxe5 fxe5 39. Ke1 Ng5 40. Ke2 Nxe4
41. Ke3 Nf6 42. f4 Nd5+ 43. Ke4 Nxf4 44. Ne3 c4 45. Kxe5 Nd3+
0-1

[Event "Rembrandt"]
[Site "SchemingMind.com"]
[Date "2006.11.18"]
[Round "-"]
[White "Shaka"]
[Black "doodledandy"]
[Result "0-1"]
[WhiteCountry "VEN"]
[BlackCountry "CAN"]
[WhiteElo "1846"]
[WhiteRD "81"]
[BlackElo "2453"]
[BlackRD "78"]
[GameID "76590"]

1. e4 e5 2. Nf3 Nc6 3. Bc4 Bc5 4. c3 Nf6 5. b4 Bb6 6. d3 d6 7. a4 a5 8. b5 Ne7 9. Qb3 O-O 10. Ng5 Qe8
11. Nd2 Ng6 12. O-O Qd7 13. Kh1 h6 14. Ngf3 Qg4 15. Qc2 Nf4 16. g3 Nh3 17. Ng1 Nxf2+ 18. Kg2 Qh5 19. Ndf3 Bh3+ 20. Nxh3 Qxh3+
0-1

[Event "Rembrandt"]
[Site "SchemingMind.com"]
[Date "2006.11.18"]
[Round "-"]
[White "Orange Lion"]
[Black "doodledandy"]
[Result "0-1"]
[WhiteCountry "NED"]
[BlackCountry "CAN"]
[WhiteElo "2231"]
[WhiteRD "74"]
[BlackElo "2453"]
[BlackRD "78"]
[GameID "76591"]

1. e4 e5 2. f4 exf4 3. Nf3 d6 4. d4 g5 5. h4 g4 6. Ng1 Bh6 7. Nc3 c6 8. Nge2 Qf6 9. g3 f3 10. Nf4 b5
11. Be3 b4 12. e5 dxe5 13. Ne4 Qe7 14. dxe5 Nd7 15. Qd6 Qxd6 16. Nxd6+ Kf8 17. Bd4 c5 18. Be3 Nxe5 19. Bxc5 Ne7 20. Kf2 Kg7
21. Nd3 Nd7 22. Bxb4 Nf6 23. Re1 Nf5 24. Ne4 Nd5 25. Bd2 Bxd2 26. Nxd2 Rb8 27. Nb3 Be6 28. Ndc5 Rhc8 29. Rh2 Nb4 30. c4 a5
31. Rd1 Nxa2 32. Ra1 a4 33. Rxa2 axb3 34. Nxe6+ fxe6 35. Ra7+ Kf6 36. Bd3 Rd8 37. Bxf5 Rd2+ 38. Ke3 Rxh2
0-1

[Event "Rembrandt"]
[Site "SchemingMind.com"]
[Date "2006.11.18"]
[Round "-"]
[White "ekulrac"]
[Black "doodledandy"]
[Result "0-1"]
[WhiteCountry "SCO"]
[BlackCountry "CAN"]
[WhiteElo "1693"]
[WhiteRD "73"]
[BlackElo "2441"]
[BlackRD "77"]
[GameID "76592"]

1. e4 e5 2. Nf3 Nc6 3. Bb5 a6 4. Bxc6 dxc6 5. O-O Qd6 6. d3 Ne7 7. Nbd2 Ng6 8. Nc4 Qf6 9. Bg5 Qe6 10. b3 b5
11. Ne3 f6 12. Bh4 Bb4 13. d4 Bc3 14. d5 Qd7 15. Rb1 Bb7 16. Bg3 cxd5 17. exd5 Ne7 18. Qd3 b4 19. Rbd1 Rd8 20. Qc4 Nxd5
21. Qh4 O-O 22. Nc4 Qf5 23. Ne1 e4 24. f3 e3 25. Rxd5 Qxd5
0-1